Công nghiệp hóa từ nông nghiệp Lý luận thực tiễn và triển vọng áp dngụ ở Việt Nam
Enregistré dans:
| Auteur principal: | |
|---|---|
| Format: | Livre |
| Langue: | Undetermined |
| Publié: |
H.
Nông Nghiệp
2001
|
| Sujets: | |
| Tags: |
Ajouter un tag
Pas de tags, Soyez le premier à ajouter un tag!
|
| Thư viện lưu trữ: | Trung tâm Học liệu Trường Đại học Cần Thơ |
|---|
| LEADER | 00641nam a2200193Ia 4500 | ||
|---|---|---|---|
| 001 | CTU_50108 | ||
| 008 | 210402s9999 xx 000 0 und d | ||
| 082 | |a 338.161 | ||
| 082 | |b S464 | ||
| 100 | |a Đặng Kim Sơn | ||
| 245 | 0 | |a Công nghiệp hóa từ nông nghiệp | |
| 245 | 0 | |b Lý luận thực tiễn và triển vọng áp dngụ ở Việt Nam | |
| 245 | 0 | |c Đặng Kim Sơn | |
| 260 | |a H. | ||
| 260 | |b Nông Nghiệp | ||
| 260 | |c 2001 | ||
| 650 | |a vietnam,industrialization | ||
| 650 | |x developing countries,agricultural aspetcs | ||
| 980 | |a Trung tâm Học liệu Trường Đại học Cần Thơ | ||